banner koha

Consumo de matéria seca e desempenho de novilhas das raças Girolando e Guzerá sob suplementação na caatinga, na época chuvosa em Pernambuco, Brasil (Registro n. 237495)

MARC details
000 -LÍDER
campo de controle de tamanho fixo 01152nas a2200349 4500
001 - NÚMERO DE CONTROLE
campo de controle BR2014003803
003 - IDENTIFICADOR DO NÚMERO DE CONTROLE
campo de controle BR-BrBNA
005 - DATA E HORÁRIO DA ÚLTIMA TRANSAÇÃO
campo de controle 20231205124134.0
007 - CAMPO FIXO DE DESCRIÇÃO FÍSICA--INFORMAÇÃO GERAL
campo de controle de tamanho fixo ta
008 - CAMPO DE DADOS FIXOS--INFORMAÇÃO GERAL
campo de controle de tamanho fixo 230509b bl.|||p| |||| 00| 00por d
040 ## - FONTE DA CATALOGAÇÃO
Instituição da catalogação original BR-BrBNA
Idioma da catalogação por
Instituição que transcreveu o registro Biblioteca Nacional de Agricultura
041 ## - CÓDIGO DE IDIOMA
Código do idioma do texto/trilha sonora ou título diferente (Pt)
072 ## - CÓDIGO DE CATEGORIA DE ASSUNTO
Código de Categoria de Assunto L02; L01
100 1# - ENTRADA PRINCIPAL--NOME PESSOAL
Nome pessoal Santana, D.F.Y
100 1# - ENTRADA PRINCIPAL--NOME PESSOAL
Nome pessoal Lira, M. de A.
100 1# - ENTRADA PRINCIPAL--NOME PESSOAL
Nome pessoal Santos, M.V.F. dos
100 1# - ENTRADA PRINCIPAL--NOME PESSOAL
Nome pessoal Ferreira, M. de A.
100 1# - ENTRADA PRINCIPAL--NOME PESSOAL
Nome pessoal Santos, D.C. dos
100 1# - ENTRADA PRINCIPAL--NOME PESSOAL
Nome pessoal Mello, A.C.L. de
100 1# - ENTRADA PRINCIPAL--NOME PESSOAL
Nome pessoal Dubeux Júnior, J.C.B.
100 1# - ENTRADA PRINCIPAL--NOME PESSOAL
Nome pessoal Araujo, G.G.L. de
245 1# - TÍTULO
Título Consumo de matéria seca e desempenho de novilhas das raças Girolando e Guzerá sob suplementação na caatinga, na época chuvosa em Pernambuco, Brasil
650 ## - ASSUNTO--TERMO TÓPICO
Cabeçalho tópico ou nome geográfico GADO GUZERÁ
650 ## - ASSUNTO--TERMO TÓPICO
Cabeçalho tópico ou nome geográfico SUPLEMENTO ALIMENTAR
650 ## - ASSUNTO--TERMO TÓPICO
Cabeçalho tópico ou nome geográfico TORTA
650 ## - ASSUNTO--TERMO TÓPICO
Cabeçalho tópico ou nome geográfico ALGODÃO
650 ## - ASSUNTO--TERMO TÓPICO
Cabeçalho tópico ou nome geográfico GANHO DE PESO
773 0# - ENTRADA ANALÍTICA
Título Revista Brasileira de Zootecnia (Brazil)
ISSN - International Standard Serial Number ISSN 1806-9290
Partes relacionadas (Oct 2010), v. 39(10) p. 2148-2154
Número de controle do registro BR2014003803
856 40 - LOCALIZAÇÃO ELETRÔNICA E ACESSO
Uniform Resource Identifier <a href="http://www.scielo.br/pdf/rbz/v39n10/07.pdf">http://www.scielo.br/pdf/rbz/v39n10/07.pdf</a>
909 ## -
-- 202311
-- Lúcia
-- 55
-- Lúcia Elande
942 ## - ELEMENTOS DE ENTRADA ADICIONADOS (KOHA)
Fonte da classificação ou esquema de arquivamento na estante Classificação AGRIS
Ocultar no OPAC Não
Tipo de material Koha Analítica
Exemplares
Situação do descarte Fonte da classificação ou esquema de arquivamento na estante Situação física Não pode ser emprestado Biblioteca de origem Biblioteca atual Localização na estante Enumeração do periódico / cronologia Total de empréstimos Data de último acesso Número do exemplar Tipo de material Koha Fonte de aquisição
  Classificação AGRIS   Consulta local Biblioteca Nacional de Agricultura - Binagri Biblioteca Nacional de Agricultura - Binagri   (Oct 2010), v. 39(10) p. 2148-2154   29/11/2023 01 Periódicos Portaria Interministerial nº 164/94

BINAGRI

Telefone: (61)3218-2567/2388/3357/2097 - binagri@agro.gov.br

Ministério da Agricultura e Pecuária , Esplanada dos Ministérios, Bloco D, Anexo B, Brasília/DF, CEP: 70.043-900